[Event "Wch U16"]
[Site "Al Ain"]
[Date "2013.12.27"]
[Round "10"]
[White "Kalra, Agastya"]
[Black "Rydstrom, Tom"]
[Result "1/2-1/2"]
[WhiteElo "1956"]
[BlackElo "2156"]
[PlyCount "126"]
[EventDate "2013.12.18"]
[EventType "swiss"]
[EventRounds "11"]
[EventCountry "UAE"]
[SourceTitle "CBM 158 Extra"]
[Source "ChessBase"]
[SourceDate "2014.02.28"]
[SourceVersion "1"]
[SourceVersionDate "2014.02.28"]
[SourceQuality "1"]

1. e4 e5 2. Nf3 Nc6 3. Nc3 Nf6 4. d4 Bb4 5. Nxe5 Qe7 6. Nxc6 Qxe4+ 7. Qe2 dxc6 8. Bd2 Bxc3 9. Bxc3 0-0 10. 0-0-0 Qd5 11. Qc4 Qf5 12. f3 Be6 13. Qd3 Qd5 14. b3 a5 15. Qd2 b5 16. Bxa5 Rfb8 17. a3 c5 18. dxc5 Qxd2+ 19. Bxd2 Rxa3 20. Bd3 Ra2 21. Rde1 Rd8 22. b4 Ra1+ 23. Kb2 Ra2+ 24. Kc1 c6 25. Bg5 Rd4 26. Bxf6 gxf6 27. Kd2 Rxb4 28. Ra1 Rxa1 29. Rxa1 Rh4 30. h3 Rh5 31. Ra3 Rxc5 32. Rc3 Rg5 33. g4 Bd5 34. f4 Rg7 35. Bxb5 h5 36. Bxc6 Bxc6 37. Rxc6 hxg4 38. hxg4 Rxg4 39. Ke3 Kf8 40. Rxf6 Ke7 41. Ra6 Rg1 42. c4 Rc1 43. Kd4 Rf1 44. Ke5 Re1+ 45. Kf5 Rc1 46. Ra7+ Kd8 47. Ra4 Ke7 48. Ke5 Re1+ 49. Kd5 Rd1+ 50. Ke5 Re1+ 51. Kf5 Rc1 52. Rb4 Rc2 53. Ra4 Rc1 54. Ke5 Re1+ 55. Kd5 Rd1+ 56. Kc6 Rd4 57. Ra7+ Kf6 58. c5 Rxf4 59. Kc7 Rc4 60. c6 Ke5 61. Kd7 f5 62. c7 f4 63. Ra5+ Ke4 1/2-1/2

[Event "Wch U16"]
[Site "Al Ain"]
[Date "2013.12.26"]
[Round "9"]
[White "Markoja, Boris"]
[Black "Kalra, Agastya"]
[Result "1-0"]
[WhiteElo "2167"]
[BlackElo "1956"]
[PlyCount "71"]
[EventDate "2013.12.18"]
[EventType "swiss"]
[EventRounds "11"]
[EventCountry "UAE"]
[SourceTitle "CBM 158 Extra"]
[Source "ChessBase"]
[SourceDate "2014.02.28"]
[SourceVersion "1"]
[SourceVersionDate "2014.02.28"]
[SourceQuality "1"]

1. e4 c5 2. Nf3 d6 3. d4 cxd4 4. Nxd4 Nf6 5. Nc3 g6 6. g3 Nc6 7. Nde2 Bg7 8. Bg2 0-0 9. 0-0 a6 10. Nd5 Nxd5 11. exd5 Ne5 12. a4 Bg4 13. h3 Bxe2 14. Qxe2 Qc7 15. Ra2 b5 16. b3 Rfc8 17. axb5 axb5 18. Rxa8 Rxa8 19. Qxb5 Qxc2 20. Be3 Qf5 21. Rc1 Nf3+ 22. Bxf3 Qxf3 23. Qb7 Re8 24. Rc8 Rf8 25. Qa8 Qh5 26. Rxf8+ Bxf8 27. b4 f5 28. b5 g5 29. b6 Qd1+ 30. Kg2 f4 31. gxf4 g4 32. Qc8 Qf3+ 33. Kg1 Qxd5 34. b7 gxh3 35. Qg4+ Kf7 36. b8Q 1-0

[Event "Canadian op 50th"]
[Site "Ottawa"]
[Date "2013.07.20"]
[Round "9"]
[White "Kalra, Agastya"]
[Black "Sohal, Tanraj"]
[Result "1-0"]
[WhiteElo "2130"]
[BlackElo "2139"]
[PlyCount "57"]
[EventDate "2013.07.13"]
[EventType "swiss"]
[EventRounds "9"]
[EventCountry "CAN"]
[SourceTitle "CBM 155 Extra"]
[Source "ChessBase"]
[SourceDate "2013.08.26"]
[SourceVersion "1"]
[SourceVersionDate "2013.08.26"]
[SourceQuality "1"]

1. e4 c5 2. Nf3 Nc6 3. Bb5 g6 4. Bxc6 dxc6 5. d3 Bg7 6. Nc3 e5 7. Be3 Qe7 8. Qd2 Bg4 9. 0-0-0 0-0-0 10. h3 Bd7 11. Na4 b6 12. Qc3 f6 13. Nxc5 bxc5 14. Bxc5 Qf7 15. Qa5 Be6 16. Bxa7 Qb7 17. Bb6 Rd7 18. d4 exd4 19. Nxd4 Bf7 20. Nf5 Bh6+ 21. Kb1 gxf5 22. Rxd7 Kxd7 23. Rd1+ Bd5 24. exd5 cxd5 25. Rxd5+ Ke6 26. Rd8 Bf4 27. Qb4 Be5 28. Qb3+ Ke7 29. Bc5+ 1-0

[Event "Eastern Ontario op"]
[Site "Ottawa"]
[Date "2013.06.22"]
[Round "2"]
[White "Kalra, Agastya"]
[Black "Cova, Ramon"]
[Result "1-0"]
[WhiteElo "2145"]
[BlackElo "2074"]
[PlyCount "99"]
[EventDate "2013.06.21"]
[EventType "swiss"]
[EventRounds "5"]
[EventCountry "CAN"]
[SourceTitle "EXT 2014"]
[Source "ChessBase"]
[SourceDate "2013.11.20"]
[SourceVersion "1"]
[SourceVersionDate "2013.11.20"]
[SourceQuality "1"]

1. e4 d5 2. exd5 Qxd5 3. Nc3 Qd8 4. d4 Nf6 5. Nf3 Bg4 6. Be3 e6 7. h3 Bh5 8. g4 Bg6 9. Ne5 Nbd7 10. Nxg6 hxg6 11. Bg2 c6 12. Qd3 Qc7 13. 0-0-0 0-0-0 14. Qc4 Nb6 15. Qb3 Be7 16. Na4 Nfd5 17. c4 Nxe3 18. fxe3 Nd7 19. Kb1 Qg3 20. Rhg1 Qd6 21. d5 Qb4 22. Qxb4 Bxb4 23. dxc6 bxc6 24. Bxc6 Rxh3 25. a3 Be7 26. Bxd7+ Rxd7 27. Rxd7 Kxd7 28. e4 Re3 29. Nc3 Bf6 30. Rd1+ Ke7 31. Kc2 Bxc3 32. bxc3 Rxe4 33. Kb3 Rxg4 34. c5 Rh4 35. c6 Rh8 36. Rd7+ Kf6 37. c7 Rc8 38. Kc4 Ke5 39. Kc5 f5 40. Kc6 g5 41. Kb7 Rxc7+ 42. Kxc7 g4 43. c4 g5 44. c5 g3 45. c6 g2 46. Rd1 f4 47. Kd7 f3 48. c7 f2 49. c8Q g1Q 50. Qc5+ 1-0

[Event "Gatineau TORO"]
[Site "Gatineau"]
[Date "2013.06.09"]
[Round "5"]
[White "Kalra, Agastya"]
[Black "Desjardins, Michel"]
[Result "1-0"]
[WhiteElo "2084"]
[BlackElo "1869"]
[PlyCount "107"]
[EventDate "2013.06.07"]
[EventType "swiss"]
[EventRounds "5"]
[EventCountry "CAN"]
[SourceTitle "EXT 2022"]
[Source "ChessBase"]
[SourceDate "2021.10.06"]
[SourceVersion "1"]
[SourceVersionDate "2021.10.06"]
[SourceQuality "1"]

1. e4 d5 2. exd5 Qxd5 3. Nc3 Qd6 4. d4 Nf6 5. Bc4 a6 6. Nge2 b5 7. Bb3 Bb7 8. f3 e6 9. Bf4 Qb6 10. a4 c5 11. axb5 axb5 12. Rxa8 Bxa8 13. Qa1 Bc6 14. Be5 Nbd7 15. 0-0 cxd4 16. Bxd4 Bc5 17. Bxc5 Nxc5 18. Kh1 Nxb3 19. cxb3 0-0 20. b4 Ra8 21. Qb1 h6 22. Nf4 Qd4 23. Nd3 Nd5 24. Nxd5 Bxd5 25. Rc1 Bc4 26. Nc5 Ba2 27. Qe4 Qxe4 28. Nxe4 Rd8 29. Kg1 Bc4 30. Nc3 Kf8 31. b3 Bxb3 32. Nxb5 Rd1+ 33. Rxd1 Bxd1 34. Kf2 Ke7 35. Ke3 Kd7 36. Kd4 Kc6 37. Nc3 Bb3 38. f4 f6 39. h4 h5 40. g3 Kb6 41. Ne4 Bd5 42. Nd6 Bc6 43. Kc4 Bd5+ 44. Kc3 Bc6 45. Kd4 Bb5 46. Nxb5 Kxb5 47. Kc3 g6 48. Kb3 e5 49. fxe5 fxe5 50. Kc3 e4 51. Kd4 Kxb4 52. Kxe4 Kc4 53. Kf4 Kd4 54. Kg5 1-0

[Event "Gatineau op"]
[Site "Gatineau"]
[Date "2013.03.02"]
[Round "2"]
[White "Kalra, Agastya"]
[Black "Hebert, Jean"]
[Result "1-0"]
[WhiteElo "2101"]
[BlackElo "2451"]
[PlyCount "91"]
[EventDate "2013.03.01"]
[EventType "swiss"]
[EventRounds "5"]
[EventCountry "CAN"]
[SourceTitle "EXT 2022"]
[Source "ChessBase"]
[SourceDate "2021.10.06"]
[SourceVersion "1"]
[SourceVersionDate "2021.10.06"]
[SourceQuality "1"]

1. e4 g6 2. d4 d6 3. Nc3 c6 4. Be3 Bg7 5. f4 Qb6 6. Qd2 Qxb2 7. Rb1 Qa3 8. e5 Nh6 9. Nf3 0-0 10. Bd3 Qa5 11. 0-0 f6 12. f5 Nxf5 13. Bxf5 Bxf5 14. Rxb7 Nd7 15. d5 Qa6 16. dxc6 Qxc6 17. Qd5+ Qxd5 18. Nxd5 Nxe5 19. Nxe7+ Kh8 20. Nxf5 gxf5 21. Nd4 Nc4 22. Bf4 Rfe8 23. Nxf5 Bf8 24. Ng3 d5 25. Nh5 Re6 26. Rfb1 Bc5+ 27. Kf1 Bb6 28. Re1 Rxe1+ 29. Kxe1 Re8+ 30. Kf1 Bd4 31. Bh6 f5 32. Bg7+ Bxg7 33. Nxg7 Rf8 34. Kf2 a5 35. Ne6 Rc8 36. Rc7 Rxc7 37. Nxc7 Kg7 38. Nxd5 Kf7 39. Ne3 Na3 40. Kf3 Ke6 41. Kf4 a4 42. c4 Kd6 43. Kxf5 Kc5 44. Kg5 Nb1 45. Nd5 a3 46. Ne3 1-0

[Event "Bedford-A"]
[Site "Bedford"]
[Date "2011.10.08"]
[Round "3"]
[White "Carter, David"]
[Black "Kalra, Agastya"]
[Result "1-0"]
[WhiteElo "2132"]
[BlackElo "1782"]
[PlyCount "53"]
[EventDate "2011.10.08"]
[EventType "tourn"]
[EventRounds "9"]
[EventCountry "USA"]
[SourceTitle "CBM 144 Extra"]
[Source "ChessBase"]
[SourceDate "2011.10.28"]
[SourceVersion "1"]
[SourceVersionDate "2011.10.28"]
[SourceQuality "1"]

1. c4 Nf6 2. Nc3 e5 3. e3 c6 4. d4 e4 5. Qb3 d5 6. cxd5 cxd5 7. Nh3 Nc6 8. Nf4 Bb4 9. Bb5 Qa5 10. 0-0 a6 11. Bxc6+ bxc6 12. Bd2 Rb8 13. a3 Bd6 14. Nxe4 Rxb3 15. Nxd6+ Kd7 16. Bxa5 Kxd6 17. Bb4+ Kc7 18. Ra2 Bg4 19. Re1 Ra8 20. f3 Bf5 21. g4 Bc2 22. g5 Nd7 23. Rc1 Bg6 24. Nxd5+ Kb7 25. Ne7 Rxe3 26. Nxc6 Nb8 27. Na5+ 1-0

[Event "CAN-ch U14"]
[Site "Windsor"]
[Date "2010.07.09"]
[Round "7"]
[White "Zhao, Donovan"]
[Black "Kalra, Agastya"]
[Result "0-1"]
[WhiteElo "1656"]
[BlackElo "2004"]
[PlyCount "42"]
[EventDate "2010.07.06"]
[EventType "swiss"]
[EventRounds "7"]
[EventCountry "CAN"]
[SourceTitle "EXT 2012"]
[Source "ChessBase"]
[SourceDate "2011.11.24"]
[SourceVersion "1"]
[SourceVersionDate "2011.11.24"]
[SourceQuality "1"]

1. e4 c5 2. Nf3 d6 3. d4 cxd4 4. Nxd4 Nf6 5. Nc3 g6 6. Be2 Bg7 7. 0-0 0-0 8. Be3 Nc6 9. Nb3 Be6 10. f4 a6 11. Bf3 Nd7 12. Qd2 Nb6 13. Bxb6 Qxb6+ 14. Kh1 Nd4 15. Na4 Qa7 16. Nxd4 Bxd4 17. c3 Be3 18. Qe2 b5 19. e5 Rad8 20. exd6 Rxd6 21. g3 Rd2 0-1